Journal of international business studies. (Record no. 523445)
[ view plain ]
| 000 -LEADER | |
|---|---|
| fixed length control field | 01369cas a2200337 a 4500 |
| 022 0# - INTERNATIONAL STANDARD SERIAL NUMBER | |
| International Standard Serial Number | 0047-2506 |
| 082 04 - DEWEY DECIMAL CLASSIFICATION NUMBER | |
| Classification number | 650 |
| 245 00 - TITLE STATEMENT | |
| Title | Journal of international business studies. |
| 260 ## - PUBLICATION, DISTRIBUTION, ETC. (IMPRINT) | |
| Place of publication, distribution, etc | Atlanta, Ga. : |
| Name of publisher, distributor, etc | School of Business Administration, Georgia State University : |
| -- | Academy of International Business |
| 260 3# - PUBLICATION, DISTRIBUTION, ETC. (IMPRINT) | |
| Place of publication, distribution, etc | Houndmills, Basingstoke, UK : |
| Name of publisher, distributor, etc | Palgrave Macmillan |
| 300 ## - PHYSICAL DESCRIPTION | |
| Extent | volumes ; |
| Dimensions | 23-26 cm |
| 590 ## - LOCAL NOTE (RLIN) | |
| Ledger | SERBIB/SERLOC merged record |
| 650 #0 - SUBJECT ADDED ENTRY--TOPICAL TERM | |
| Topical term or geographic name as entry element | International business enterprises |
| 650 #0 - SUBJECT ADDED ENTRY--TOPICAL TERM | |
| Topical term or geographic name as entry element | International economic relations |
| 650 #6 - SUBJECT ADDED ENTRY--TOPICAL TERM | |
| Topical term or geographic name as entry element | Relations économiques internationales |
| 650 #6 - SUBJECT ADDED ENTRY--TOPICAL TERM | |
| Topical term or geographic name as entry element | Commerce |
| 650 #7 - SUBJECT ADDED ENTRY--TOPICAL TERM | |
| Topical term or geographic name as entry element | International business enterprises. |
| 650 #7 - SUBJECT ADDED ENTRY--TOPICAL TERM | |
| Topical term or geographic name as entry element | International economic relations. |
| 710 2# - ADDED ENTRY--CORPORATE NAME | |
| Corporate name or jurisdiction name as entry element | Georgia State University. |
| 710 2# - ADDED ENTRY--CORPORATE NAME | |
| Corporate name or jurisdiction name as entry element | Association for Education in International Business. |
| 710 2# - ADDED ENTRY--CORPORATE NAME | |
| Corporate name or jurisdiction name as entry element | Rutgers University. |
| 710 2# - ADDED ENTRY--CORPORATE NAME | |
| Corporate name or jurisdiction name as entry element | University of South Carolina. |
| 710 2# - ADDED ENTRY--CORPORATE NAME | |
| Corporate name or jurisdiction name as entry element | University of Western Ontario. |
| 710 2# - ADDED ENTRY--CORPORATE NAME | |
| Corporate name or jurisdiction name as entry element | Richard Ivey School of Business. |
| 710 2# - ADDED ENTRY--CORPORATE NAME | |
| Corporate name or jurisdiction name as entry element | Handelshøjskolen i København. |
| 710 2# - ADDED ENTRY--CORPORATE NAME | |
| Corporate name or jurisdiction name as entry element | McDonough School of Business. |
| 710 2# - ADDED ENTRY--CORPORATE NAME | |
| Corporate name or jurisdiction name as entry element | Academy of International Business. |
| 942 ## - ADDED ENTRY ELEMENTS (KOHA) | |
| Koha item type | Continuing Resources |
| Damaged status | Not for loan | Permanent Location | Current Location | Shelving location | Date acquired | Full call number | Barcode | Koha item type |
|---|---|---|---|---|---|---|---|---|
| Central Library (CL) | Central Library (CL) | Reference | 03/11/2019 | Vol-47, No-1 JAN 2016 | NBSJ-38 | Continuing Resources | ||
| Central Library (CL) | Central Library (CL) | Reference | 03/11/2019 | Vol-47, No-2 FEB 2016 | NBSJ-39 | Continuing Resources | ||
| Central Library (CL) | Central Library (CL) | Reference | 03/11/2019 | Vol-47, No-3 APR 2016 | NBSJ-40 | Continuing Resources | ||
| Central Library (CL) | Central Library (CL) | Reference | 03/11/2019 | Vol-47, No-4 MAY 2016 | NBSJ-41 | Continuing Resources | ||
| Central Library (CL) | Central Library (CL) | Reference | 03/11/2019 | Vol-47, No-6 AUG 2016 | NBSJ-42 | Continuing Resources | ||
| Central Library (CL) | Central Library (CL) | Reference | 03/11/2019 | Vol-47, No-7 SEP 2016 | NBSJ-43 | Continuing Resources | ||
| Central Library (CL) | Central Library (CL) | Reference | 03/11/2019 | Vol-47, No-8 OCT-NOV 2016 | NBSJ-44 | Continuing Resources | ||
| Central Library (CL) | Central Library (CL) | Reference | 03/11/2019 | Vol-47, No-9 DEC 2016 | NBSJ-45 | Continuing Resources | ||
| Central Library (CL) | Central Library (CL) | Reference | 03/11/2019 | Vol-48, No-9 DEC 2017 | NBSJ-46 | Continuing Resources | ||
| Central Library (CL) | Central Library (CL) | Reference | 03/11/2019 | Vol-48, No-8 OCT-NOV 2017 | NBSJ-47 | Continuing Resources | ||
| Central Library (CL) | Central Library (CL) | Reference | 03/11/2019 | Vol-48, No-7 SEP 2017 | NBSJ-48 | Continuing Resources | ||
| Central Library (CL) | Central Library (CL) | Reference | 03/11/2019 | Vol-48, No-6 AUG 2017 | NBSJ-49 | Continuing Resources | ||
| Central Library (CL) | Central Library (CL) | Reference | 03/11/2019 | Vol-48, No-5 JUN-JUL 2017 | NBSJ-50 | Continuing Resources | ||
| Central Library (CL) | Central Library (CL) | Reference | 03/11/2019 | Vol-48, No-4 MAY 2017 | NBSJ-51 | Continuing Resources | ||
| Central Library (CL) | Central Library (CL) | Reference | 03/11/2019 | Vol-48, No-3 APR 2017 | NBSJ-52 | Continuing Resources | ||
| Central Library (CL) | Central Library (CL) | Reference | 03/11/2019 | Vol-48, No-2 FEB 2017 | NBSJ-53 | Continuing Resources | ||
| Central Library (CL) | Central Library (CL) | Reference | 03/11/2019 | Vol-48, No-1 JAN 2017 | NBSJ-54 | Continuing Resources | ||
| Central Library (CL) | Central Library (CL) | Reference | 03/11/2019 | Vol-49, No-1 JAN 2018 | NBSJ-55 | Continuing Resources | ||
| Central Library (CL) | Central Library (CL) | Reference | 03/11/2019 | Vol-49, No-2 FEB 2018 | NBSJ-56 | Continuing Resources | ||
| Central Library (CL) | Central Library (CL) | Reference | 03/11/2019 | Vol-49, No-3 APR 2018 | NBSJ-57 | Continuing Resources | ||
| Central Library (CL) | Central Library (CL) | Reference | 03/11/2019 | Vol-49, No-4 MAY 2018 | NBSJ-58 | Continuing Resources | ||
| Central Library (CL) | Central Library (CL) | Reference | 03/11/2019 | Vol-49, No-5 JUN-JUL 2018 | NBSJ-59 | Continuing Resources | ||
| Central Library (CL) | Central Library (CL) | Reference | 03/11/2019 | Vol-49, No-6 AUG 2018 | NBSJ-60 | Continuing Resources | ||
| Central Library (CL) | Central Library (CL) | Reference | 03/20/2019 | Vol-49, No-7 SEP 2018 | NBSJ-148 | Continuing Resources | ||
| Central Library (CL) | Central Library (CL) | Reference | 03/20/2019 | Vol-49, No-9 DEC 2018 | NBSJ-149 | Continuing Resources | ||
| Central Library (CL) | Central Library (CL) | Reference | 10/14/2019 | 650 | S-91002 | Continuing Resources | ||
| Central Library (CL) | Central Library (CL) | Reference | 10/14/2019 | 650 | S-91003 | Continuing Resources | ||
| Central Library (CL) | Central Library (CL) | Reference | 10/14/2019 | 650 | S-91004 | Continuing Resources | ||
| Central Library (CL) | Central Library (CL) | Reference | 10/14/2019 | 650 | S-91005 | Continuing Resources | ||
| Central Library (CL) | Central Library (CL) | Reference | 10/14/2019 | 650 | S-91006 | Continuing Resources | ||
| Central Library (CL) | Central Library (CL) | Reference | 10/14/2019 | 650 | S-91007 | Continuing Resources | ||
| Central Library (CL) | Central Library (CL) | Reference | 11/11/2019 | 650 | S-92080 | Continuing Resources | ||
| Central Library (CL) | Central Library (CL) | Reference | 11/11/2019 | 650 | S-92081 | Continuing Resources | ||
| Central Library (CL) | Central Library (CL) | Reference | 02/12/2020 | 650 | S-95042 | Continuing Resources | ||
| Central Library (CL) | Central Library (CL) | Reference | 03/15/2020 | Vol-49, No-8 OCT-NOV 2018 | S-4070 | Continuing Resources |
